Statistics for Cities by Similar Population in 90 Seconds

Click here to take the quiz!

General Stats

  • This quiz has been taken 50 times
  • The average score is 406 of 603

Answer Stats

Population% Correct
20,000,000Beijing
97%
21,500,000Cairo
97%
20,300,000Dhaka
97%
13,900,000Kinshasa
97%
20,100,000Lagos
97%
13,500,000Lahore
97%
26,300,000Manila
97%
24,500,000Mexico City
97%
25,600,000Mumbai
97%
25,000,000Seoul
97%
5,200,000Accra
94%
10,600,000Ho Chi Minh City
94%
10,400,000Hyderabad
94%
11,100,000Lima
94%
5,600,000Monterrey
94%
10,500,000Nagoya
94%
21,800,000New York
94%
5,650,000Saint Petersburg
94%
5,750,000Abidjan
91%
5,950,000Alexandria
91%
5,700,000Amman
91%
5,900,000Atlanta
91%
12,700,000Bangalore
91%
5,050,000Belo Horizonte
91%
16,600,000Buenos Aires
91%
5,050,000Changsha
91%
5,000,000Chittagong
91%
5,000,000Cologne
91%
5,750,000Detroit
91%
5,700,000Dubai
91%
5,550,000Guadalajara
91%
16,200,000Istanbul
91%
17,000,000Kolkata
91%
17,600,000Los Angeles
91%
5,050,000Melbourne
91%
17,400,000Moscow
91%
17,700,000Osaka
91%
13,300,000Rio de Janeiro
91%
7,800,000Santiago
91%
8,100,000Shenyang
91%
7,900,000Singapore
91%
5,400,000Sydney
91%
13,200,000Tianjin
91%
5,400,000Wenzhou
91%
5,750,000Yangon
91%
5,150,000Ankara
88%
7,050,000Bandung
88%
7,700,000Boston
88%
11,600,000Chennai
88%
8,400,000Chongqing
88%
31,300,000Delhi
88%
8,600,000Hangzhou
88%
5,150,000Harbin
88%
5,100,000Hefei
88%
32,100,000Jakarta
88%
5,150,000Jeddah
88%
14,200,000Johannesburg
88%
6,500,000Khartoum
88%
14,800,000London
88%
8,450,000Luanda
88%
6,700,000Madrid
88%
6,150,000Milan
88%
6,100,000Nairobi
88%
6,700,000Nanjing
88%
11,400,000Paris
88%
8,400,000Riyadh
88%
7,750,000San Francisco
88%
34,100,000Shanghai
88%
7,750,000Shantou
88%
6,150,000Surabaya
88%
15,500,000Tehran
88%
40,500,000Tokyo
88%
7,650,000Toronto
88%
8,550,000Washington
88%
5,100,000Zhengzhou
88%
1,410,000Ahvaz
85%
1,430,000Amritsar
85%
1,440,000Ashgabat
85%
3,500,000Athens
85%
7,150,000Baghdad
85%
3,675,000Bamako
85%
1,450,000Batam
85%
1,430,000Belgrade
85%
4,750,000Berlin
85%
9,650,000Chicago
85%
3,450,000Curitiba
85%
7,300,000Dallas
85%
1,440,000Donetsk
85%
3,450,000Douala
85%
3,475,000Durban
85%
1,430,000Gwalior
85%
7,550,000Hong Kong
85%
6,800,000Houston
85%
3,675,000Ibadan
85%
1,470,000Jacksonville
85%
3,675,000Kampala
85%
3,500,000Kanpur
85%
1,420,000Kota
85%
3,475,000Kyiv
85%
1,470,000Maoming
85%
1,430,000Maracay
85%
1,430,000Mosul
85%
3,575,000Nanning
85%
1,430,000Natal
85%
3,500,000Orlando
85%
7,350,000Philadelphia
85%
4,800,000Phoenix
85%
1,460,000Prague
85%
7,100,000Pune
85%
1,410,000Putian
85%
1,470,000Ranchi
85%
3,550,000Rawalpindi
85%
3,500,000Rome
85%
3,625,000Salvador
85%
1,450,000Sao Luis
85%
4,800,000Shijiazhuang
85%
6,900,000Surat
85%
1,450,000Tiruppur
85%
1,430,000Ulaanbaatar
85%
7,100,000Xian
85%
1,430,000Xiangtan
85%
1,460,000Yancheng
85%
3,500,000Yaounde
85%
1,420,000Yichang
85%
3,600,000Zibo
85%
1,450,000Zurich
85%
1,580,000Abu Dhabi
82%
3,725,000Abuja
82%
8,750,000Ahmedabad
82%
1,490,000Allahabad
82%
1,520,000Angeles
82%
1,640,000Asansol
82%
1,490,000Auckland
82%
19,400,000Bangkok
82%
4,875,000Barcelona
82%
1,560,000Basra
82%
1,600,000Bengbu
82%
1,520,000Calgary
82%
3,775,000Caracas
82%
3,750,000Changchun
82%
1,560,000Ciudad Juarez
82%
4,825,000Colombo
82%
1,520,000Daejeon
82%
4,625,000Dalian
82%
1,650,000Daqing
82%
1,600,000Davao City
82%
1,580,000Denpasar
82%
3,800,000Denver
82%
3,750,000Faisalabad
82%
3,725,000Fortaleza
82%
1,560,000Ganzhou
82%
1,630,000Guilin
82%
1,600,000Gwangju
82%
1,570,000Huaibei
82%
1,510,000Jabalpur
82%
1,500,000Jiaozuo
82%
1,550,000Jilin
82%
4,600,000Jinan
82%
1,520,000Jodhpur
82%
4,850,000Kano
82%
18,200,000Karachi
82%
1,630,000Kharkiv
82%
1,610,000Kochi
82%
9,150,000Kuala Lumpur
82%
3,800,000Lucknow
82%
1,570,000Manama
82%
1,600,000Mandalay
82%
1,580,000Mannheim
82%
1,590,000Medina
82%
6,350,000Miami
82%
1,550,000Milwaukee
82%
1,650,000Monrovia
82%
1,500,000Nashville
82%
1,610,000N'Djamena
82%
1,490,000Newcastle
82%
1,510,000Oran
82%
1,560,000Panama City
82%
1,550,000Porto
82%
6,250,000Qingdao
82%
1,540,000Queretaro
82%
3,850,000Recife
82%
22,600,000Sao Paulo
82%
1,500,000Sendai
82%
1,570,000Sheffield
82%
1,640,000Srinagar
82%
1,650,000Surakarta
82%
1,490,000Tai'an
82%
9,150,000Taipei
82%
1,610,000Turin
82%
1,620,000Virginia Beach
82%
9,250,000Wuhan
82%
1,530,000Wuhu
82%
1,580,000Xingtai
82%
1,500,000Xining
82%
1,670,000Yekaterinburg
82%
1,500,000Yerevan
82%
1,480,000Yinchuan
82%
1,530,000Zhangjiakou
82%
1,700,000Benin City
79%
4,075,000Busan
79%
1,400,000Chelyabinsk
79%
1,400,000Chonburi
79%
1,690,000Copenhagen
79%
1,680,000Cordoba
79%
3,925,000Dakar
79%
6,450,000Dar es Salaam
79%
1,680,000Datong
79%
1,400,000Dhanbad
79%
1,400,000Dublin
79%
1,700,000Gaziantep
79%
1,690,000Glasgow
79%
3,400,000Guiyang
79%
1,690,000Hartford
79%
1,700,000Jamshedpur
79%
4,475,000Kabul
79%
4,500,000Kuwait City
79%
1,680,000Marseille
79%
4,075,000Medan
79%
1,700,000Novosibirsk
79%
1,690,000Raleigh
79%
4,475,000Seattle
79%
4,475,000Tampa
79%
3,300,000Tashkent
79%
1,400,000Volgograd
79%
1,700,000Yiwu
79%
3,900,000Addis Ababa
76%
4,025,000Algiers
76%
9,800,000Bogota
76%
4,050,000Brasilia
76%
3,250,000Campinas
76%
10,000,000Chengdu
76%
3,900,000Damascus
76%
3,275,000Frankfurt
76%
4,100,000Fuzhou
76%
3,200,000Guatemala City
76%
3,200,000Guayaquil
76%
4,025,000Hanoi
76%
3,275,000Indore
76%
3,250,000Isfahan
76%
4,050,000Jaipur
76%
3,200,000Kathmandu
76%
4,325,000Kunming
76%
3,250,000Mashhad
76%
4,100,000Medellín
76%
3,200,000Minneapolis
76%
4,325,000Montreal
76%
3,325,000Nagpur
76%
3,975,000Nanchang
76%
4,150,000Naples
76%
3,325,000Ningbo
76%
3,325,000Port-au-Prince
76%
4,150,000Porto Alegre
76%
4,025,000Puebla
76%
3,275,000Rotterdam
76%
3,325,000San Diego
76%
4,000,000Santo Domingo
76%
10,200,000Xiamen
76%
3,225,000Brisbane
73%
4,300,000Cape Town
73%
4,550,000Casablanca
73%
4,175,000Taiyuan
73%
4,175,000Urumqi
73%
47,600,000Guangzhou
70%
1,280,000Alīgarh
67%
2,500,000Amsterdam
67%
1,240,000Baoji
67%
1,310,000Barquisimeto
67%
1,280,000Benguela
67%
1,280,000Bucaramanga
67%
2,500,000Charlotte
67%
1,290,000Fes
67%
1,270,000Fuyang
67%
1,310,000Hamamatsu
67%
1,320,000Helsinki
67%
1,250,000Jingzhou
67%
1,270,000Jining
67%
1,260,000Kazan
67%
1,330,000Konya
67%
1,300,000Lille
67%
2,500,000Lisbon
67%
1,250,000Maiduguri
67%
1,330,000McAllen
67%
1,260,000Merida
67%
1,290,000Mianyang
67%
1,250,000Mombasa
67%
1,300,000Moradabad
67%
1,330,000Muscat
67%
1,250,000Mysore
67%
1,240,000Nanchong
67%
1,300,000Nanyang
67%
1,310,000Nouakchott
67%
1,240,000Onitsha
67%
1,290,000Ottawa
67%
1,250,000Pekanbaru
67%
1,320,000Qom
67%
1,270,000Rizhao
67%
1,300,000Rostov
67%
1,300,000Samara
67%
1,310,000San Luis Potosi
67%
2,500,000Sapporo
67%
1,300,000Seville
67%
1,300,000Sofia
67%
1,290,000Stockton
67%
1,310,000Tainan
67%
1,290,000Tripoli
67%
1,280,000Zunyi
67%
1,180,000Aba
64%
1,220,000Agadir
64%
2,650,000Anshan
64%
1,340,000Antalya
64%
2,750,000Antananarivo
64%
1,230,000Antwerp
64%
1,220,000Bandar Lampung
64%
1,230,000Bangui
64%
2,475,000Bhopal
64%
2,725,000Brussels
64%
2,775,000Cebu City
64%
1,200,000Changde
64%
3,050,000Cleveland
64%
2,775,000Coimbatore
64%
1,170,000Cuernavaca
64%
2,725,000Daegu
64%
1,210,000Da Nang
64%
2,750,000Fukuoka
64%
2,450,000Goiania
64%
1,340,000Harrisburg
64%
3,050,000Izmir
64%
1,210,000Kananga
64%
2,775,000Kaohsiung
64%
1,220,000Karawang
64%
1,220,000Khulna
64%
1,230,000Kigali
64%
1,180,000Lianyungang
64%
2,450,000Lubumbashi
64%
2,650,000Luoyang
64%
1,210,000Ma'anshan
64%
2,675,000Maracaibo
64%
1,220,000Melbourne
64%
1,210,000Naha
64%
1,200,000Nuremburg
64%
1,180,000Nur-Sultan
64%
1,210,000Oslo
64%
2,650,000Ouagadougou
64%
2,725,000Patna
64%
1,220,000Pointe-Noire
64%
2,450,000Portland
64%
1,180,000Quetta
64%
2,775,000Quito
64%
1,230,000San Pedro Sula
64%
1,170,000Serang
64%
1,170,000Sousse
64%
1,180,000Suzhou
64%
1,170,000Tegucigalpa
64%
2,725,000Tel Aviv
64%
1,230,000Tiruchirappalli
64%
2,725,000Tunis
64%
1,170,000Wanzhou
64%
1,220,000Weihai
64%
1,170,000Yueyang
64%
1,340,000Zhanjiang
64%
1,170,000Zhenjiang
64%
2,350,000Agra
61%
1,150,000Aguascalientes
61%
1,120,000Arbīl
61%
1,130,000Arequipa
61%
2,375,000Asuncion
61%
1,350,000Bareilly
61%
1,110,000Benxi
61%
1,120,000Bishkek
61%
2,350,000Brazzaville
61%
1,350,000Buffalo
61%
1,120,000Cangnan
61%
1,130,000Cape Coral
61%
1,150,000Cartagena
61%
2,425,000Chandigarh
61%
1,150,000Chifeng
61%
2,800,000Cincinnati
61%
1,130,000Cirebon
61%
2,600,000Conakry
61%
2,575,000Dammam
61%
2,300,000Doha
61%
1,130,000Greensboro
61%
1,160,000Guwahati
61%
1,150,000Hanover
61%
1,160,000Hubli
61%
2,325,000Hyderabad
61%
1,120,000Ilorin
61%
1,140,000Jalandhar
61%
2,525,000Jiangyin
61%
1,120,000Jinzhou
61%
1,140,000Joao Pessoa
61%
1,150,000Kaifeng
61%
2,325,000Katowice
61%
1,110,000Kayseri
61%
1,150,000Kisangani
61%
1,120,000Krasnojarsk
61%
1,150,000Kumamoto
61%
2,925,000Lanzhou
61%
2,300,000Las Vegas
61%
2,800,000Lusaka
61%
1,160,000Luzhou
61%
1,120,000Maceio
61%
1,350,000Managua
61%
2,350,000Maputo
61%
1,130,000Marrakesh
61%
1,160,000Memphis
61%
1,110,000Mendoza
61%
2,275,000Munich
61%
1,350,000Niamey
61%
1,110,000Odessa
61%
1,160,000Oklahoma City
61%
1,150,000Omsk
61%
1,110,000Perm
61%
2,425,000Peshawar
61%
2,575,000Phnom Penh
61%
2,425,000Port Harcourt
61%
1,140,000Salem
61%
2,525,000Salt Lake City
61%
2,375,000San Jose
61%
2,275,000Semarang
61%
1,130,000Shizuoka
61%
1,150,000Southampton
61%
2,350,000St. Louis
61%
2,400,000Stuttgart
61%
2,425,000Taichung
61%
2,350,000Taizhou
61%
1,140,000Tangier
61%
2,550,000Toluca
61%
1,110,000Touba
61%
1,130,000Ufa
61%
2,350,000Warsaw
61%
2,625,000Baku
58%
3,150,000Birmingham
58%
2,625,000Budapest
58%
2,900,000Cali
58%
1,380,000Dnipro
58%
1,370,000Edmonton
58%
2,875,000Gujranwala
58%
2,875,000Hamburg
58%
2,875,000Huizhou
58%
3,075,000Kumasi
58%
3,075,000Manchester
58%
1,380,000Nottingham
58%
1,380,000Port Elizabeth
58%
1,370,000Qinhuangdao
58%
1,380,000Rosario
58%
2,900,000Sanaa
58%
1,370,000Torreon
58%
2,900,000Vancouver
58%
2,150,000Baoding
55%
2,250,000Baotou
55%
2,150,000Barranquilla
55%
2,250,000Belem
55%
2,975,000Bhilai
55%
1,100,000Bordeaux
55%
2,200,000Bucharest
55%
2,125,000Bursa
55%
2,075,000Harare
55%
2,125,000La Paz
55%
2,150,000Leeds
55%
2,150,000Leon
55%
2,125,000Linyi
55%
2,250,000Manaus
55%
2,175,000Mbuji-Mayi
55%
2,200,000Mecca
55%
2,150,000Multain
55%
2,150,000Nashik
55%
2,075,000Perth
55%
2,975,000Pyongyang
55%
2,075,000Rabat
55%
2,100,000Sacramento
55%
2,250,000San Antonio
55%
1,100,000Solapur
55%
2,250,000Stockholm
55%
2,975,000Tangshan
55%
2,100,000Tijuana
55%
1,100,000Ulsan
55%
2,250,000Vadodara
55%
2,075,000Vijayawada
55%
2,250,000Vishakhapatnam
55%
2,950,000Xuzhou
55%
2,250,000Yantai
55%
1,100,000Zaozhuang
55%
1,360,000Adelaide
52%
2,175,000Almaty
52%
2,025,000Cixi
52%
1,360,000Cochabamba
52%
2,025,000Gaza
52%
2,175,000George Town
52%
1,730,000Handan
52%
2,225,000Havana
52%
1,720,000Hengyang
52%
2,025,000Huai'an
52%
2,025,000Indianapolis
52%
1,090,000Lilongwe
52%
2,050,000Liuzhou
52%
2,175,000Lome
52%
2,050,000Minsk
52%
2,050,000Nantong
52%
1,730,000Nizhny Novgorod
52%
2,175,000Okayama
52%
2,025,000Pittsburgh
52%
1,090,000Qingyuan
52%
1,080,000Richmond
52%
2,175,000Santa Cruz
52%
1,080,000Saratov
52%
1,080,000Suqian
52%
1,360,000Tbilisi
52%
1,090,000Tengzhou
52%
1,080,000Toulouse
52%
2,025,000Valencia
52%
2,225,000Vienna
52%
2,050,000Weifang
52%
2,175,000Xinxiang
52%
1,360,000Zhuzhou
52%
1,090,000Zigong
52%
1,750,000Adana
48%
1,940,000Aleppo
48%
1,750,000Anyang
48%
2,000,000Austin
48%
1,940,000Bhubaneswar
48%
1,890,000Cotonou
48%
1,900,000Haikou
48%
1,920,000Hohhot
48%
1,970,000Huainan
48%
1,940,000Kaduna
48%
2,000,000Kansas City
48%
2,000,000Kitakyushu
48%
2,000,000Ludhiana
48%
1,920,000Makassar
48%
2,000,000Mogadishu
48%
1,870,000Montevideo
48%
1,740,000Palembang
48%
1,950,000Rajkot
48%
1,920,000San Juan
48%
1,870,000Valencia
48%
1,970,000Varanasi
48%
1,870,000Vitoria
48%
1,940,000Xiangyang
48%
1,970,000Yogyakarta
48%
1,850,000Aurangabad
45%
1,860,000Freetown
45%
1,880,000Hiroshima
45%
1,880,000Liverpool
45%
1,990,000Lyon
45%
1,820,000Madurai
45%
1,880,000San Salvador
45%
1,850,000Tabriz
45%
1,990,000Yangzhou
45%
1,770,000Columbus
42%
1,760,000Malang
42%
1,760,000Santos
42%
1,060,000Changshu
39%
1,070,000Changzhi
39%
1,060,000Diyarbakır
39%
1,060,000Louisville
39%
1,060,000Malaga
39%
1,060,000Pingxiang
39%
1,060,000Puyang
39%
1,070,000Shymkent
39%
1,060,000Voronezh
39%
1,060,000Yibin
39%
1,790,000Beirut
36%
1,780,000Meerut
36%
1,800,000Shiraz
36%
1,800,000Zhuhai
36%
1,040,000Hechuan
33%
1,050,000Jos
33%
1,040,000Kermanshah
33%
1,050,000Kirkuk
33%
1,050,000Panjin
33%
1,040,000Pingdingshan
33%
1,050,000Qiqihar
33%
1,040,000Saltillo
33%
1,050,000Siliguri
33%
1,040,000Teresina
33%
1,030,000Calicut
30%
1,030,000Changwon
30%
1,030,000Dushanbe
30%
1,020,000El Paso
30%
1,030,000Enugu
30%
1,030,000Jiangjin
30%
1,030,000Jiaxing
30%
1,020,000Saharanpur
30%
1,030,000San Miguel de Tucuman
30%
1,030,000Shangqui
30%
1,030,000Valparaiso
30%
1,030,000Warri
30%
1,030,000Yingkou
30%
1,030,000Zaria
30%
1,010,000Banjul
27%
1,000,000Bremen
27%
1,000,000Cheongju
27%
1,010,000Chihuahua
27%
1,000,000Cucuta
27%
1,000,000Florence
27%
1,010,000Florianopolis
27%
1,000,000Lu'an
27%
1,010,000Mersin
27%
1,010,000New Orleans
27%
1,010,000Shyuyang
27%
1,000,000Tucson
27%
1,010,000Yerushalayim
27%

Score Distribution

Percentile by Number Answered

Percent of People with Each Score

Your Score History

You have not taken this quiz